000 00529nam a2200193Ia 4500
008 151121s9999||||xx |||||||||||||| ||und||
082 _a338/Fin
082 _bHNW-51726
100 _aFiner Herman
245 4 _aThe T।V।A। Lessons For International।।
260 _bMontreal
260 _c--
300 _a289
600 _aFiner Herman
630 _aThe T।V।A। Lessons For International।।
700 _aFiner Herman
730 _aThe T।V।A। Lessons For International।।
942 _cBOOK
999 _c1236044
_d1236041